01740nam a2200445 i 450000100060000000300080000600500170001400600190003100700150005000800410006502000270010602000280013303500220016104000310018305000220021408000120023608200150024810000380026324501380030125000230043926400540046230000410051633600310055733700330058833800430062150000220066450000400068658800830072659001620080965000430097165000220101465000300103665000300106665500270109670000380112370000350116179700180119685600630121499900170127744594FINmELB20241216231628.0m o d | cr cnu||||||||211026s2021 mx o 001 0 spa d a9786076296202q(print) a9786076296431q(e-book) a(OCoLC)1285725515 aFINmELBbspaerdacFINmELB 4aHJ2466bP438 2021 a351.71304a336.722231 aPérez Chávez, José,eautor.10aBeneficios que se contienen en las disposiciones fiscales :banálisis práctico /cJosé Pérez Chávez, Raymundo Fol Olguín. asegunda edición. 1aCiudad de México :bTax Editores Unidos,c2021. a1 recurso en línea (498 páginas) atextobtxt2rdacontent/spa acomputadorabc2rdamedia/spa arecurso en líneabcr2rdacarrier/spa aIncluye índice. aSubtítulo obtenido de la portada. aDescripción basada en metadatos suministrados por el editor y otras fuentes. aRecurso electrónico. Santa Fe, Arg.: elibro, 2021. Disponible vía World Wide Web. El acceso puede estar limitado para las bibliotecas afiliadas a elibro. 0aTaxationxLaw and LegislationzMexico. 0aTaxationzMexico. 4aContribucioneszMéxico. 4aDerecho fiscalzMéxico. 4aLibros electrónicos.1 aCampero Guerrero, Eladio,eautor.1 aFol Oguín, Raymundo,eautor.2 aelibro, Corp.40uhttps://elibro.net/ereader/politecnicointernacional/175116 c44594d44594